000 00586nam a2200217Ia 4500
003 OSt
005 20250131163957.0
008 210210b1963 xxu||||| |||| 00| 0 eng d
040 _cAL
041 _aHindi
082 _a864/174
100 _a-
_9196836
245 _aDoctor baldevprasad mishr
_bडॉक्टर बलदेवप्रसाद मिश्रा
260 _aMadhya Pradesh
_b-
_c1963
650 _amishr
_9196837
650 _aDoktor
_9196838
650 _abaldevprasad
_9196839
690 _aHindi Criticism
_9196840
906 _a023710
942 _2ddc
_cBK
999 _c148675
_d148675